Quintet in C major op. no. 956

Hlavní autor: Schubert, Franz, 1797-1828
Korporativní autor: Apollon Quartet
Jazyk: Čeština
Vydáno: Praha : Radioservis, c2000
Témata:
Fyzický popis: 1 CD : DDD, stereo ; 12 cm + 1 složený list.
Zvukové nahrávky
Uloženo v:
LEADER 01030njm a2200301 a 4500
001 000543241
003 CZ BrMZK
005 20000105143423.0
008 000105s2000 xr f cze d
028 0 3 |a CR 0158-2-131  |b Radioservis 
040 |a BOA001  |b cze 
080 |a 785.75:787.1/.3(086.7)  |2 MRF 
100 1 |a Schubert, Franz,  |d 1797-1828  |7 jn19990007813  |4 hnr 
245 1 0 |a Quintet in C major op. no. 956  |h [zvukový záznam] /  |c Franz Schubert. 
246 3 3 |a Kvintet C dur op. 956 
260 |a Praha :  |b Radioservis,  |c c2000 
300 |a 1 CD :  |b DDD, stereo ;  |c 12 cm +  |e 1 složený list. 
306 |a 005157 
500 |a Text v doprovod. mater. vícejaz. 
500 |a Nahr. 1999 
500 |a Durata 51:57 
511 0 |a Kvarteto Apollon. 
653 0 |a smyčcové kvintety 
710 2 |a Apollon Quartet  |7 ko2002102845 
910 |a BOA001  |b CD-0009.114 
964 |a Kvintety smyčcové  |z stol.19.  |x CD 
990 |a AV 
996 6 |b 261H009810  |c CD-0009.114  |l MZK  |r Sklad / do 24 hodin  |n 0  |p p.v.  |w 000543241  |u 000010  |a 1  |e BOA001  |j MZK50  |s P